000 00370nam a2200133Ia 4500
008 210716s1964 xx 000 0 und d
041 _aeng
082 _a519.7 MESB
100 _aMeserve, Bruce E;Pettofrezzo, Anthony J;Meserve, Dorothy T.
245 _aPrinciples of advanced mathematics.
250 _a1
260 _aChicago
_bRandom House
_c1964
300 _aix,758
999 _c202245
_d202245